| 000 | 01482nam a2200349Ia 4500 | ||
|---|---|---|---|
| 001 | ebr10022579 | ||
| 003 | CaPaEBR | ||
| 006 | m u | ||
| 007 | cr cn||||||||| | ||
| 008 | 021022s2002 wiu sb 001 0 eng d | ||
| 020 | _z0874626579 (pbk. : alk. paper) | ||
| 040 |
_aCaPaEBR _cCaPaEBR |
||
| 035 | _a(OCoLC)614624083 | ||
| 050 | 1 | 4 |
_aBX2250 _b.H62 2002eb |
| 082 | 0 | 4 |
_a241/.63 _221 |
| 100 | 1 | _aHogan, Margaret Monahan. | |
| 245 | 1 | 0 |
_aMarriage as a relationship _h[electronic resource] : _breal and rational / _cMargaret Monahan Hogan ; afterword by Sidney Callahan. |
| 250 | _aNew ed., rev. and corrected. | ||
| 260 |
_aMilwaukee, WI : _bMarquette University Press, _c2002. |
||
| 300 | _a169 p. | ||
| 490 | 1 |
_aMarquette studies in philosophy ; _v#34 |
|
| 500 | _aRev. ed. of: Finality and marriage. 1993. | ||
| 504 | _aIncludes bibliographical references and index. | ||
| 533 |
_aElectronic reproduction. _bPalo Alto, Calif. : _cebrary, _d2009. _nAvailable via World Wide Web. _nAccess may be limited to ebrary affiliated libraries. |
||
| 610 | 2 | 0 |
_aCatholic Church _xDoctrines. |
| 650 | 0 |
_aMarriage _xReligious aspects _xCatholic Church. |
|
| 655 | 7 |
_aElectronic books. _2local |
|
| 700 | 1 |
_aHogan, Margaret Monahan. _tFinality and marriage. |
|
| 710 | 2 | _aebrary, Inc. | |
| 830 | 0 |
_aMarquette studies in philosophy ; _v#34. |
|
| 856 | 4 | 0 |
_uhttp://site.ebrary.com/lib/rucke/Doc?id=10022579 _zAn electronic book accessible through the World Wide Web; click to view |
| 999 |
_c9766 _d9766 |
||